| 000 | 02062cam a22004574i 4500 | ||
|---|---|---|---|
| 003 | PE-LiUPU | ||
| 005 | 20250731172749.0 | ||
| 008 | 150617s r 000 0 d | ||
| 020 | _a8428509093 | ||
| 035 | _a(Sirsi) i9788428509091 | ||
| 040 |
_aPE-LiUPU _bspa _cPE-LiUPU _erda |
||
| 049 | _aPRUA | ||
| 082 | 0 | 4 |
_a226.507 _bB38 _221 |
| 100 | 1 |
_aBenetti, Santos, _eautor. |
|
| 245 | 1 | 0 |
_aNacidos para vivir: comentario del evangelio de Juan / _cSantos Benetti. |
| 264 | 1 |
_aMadrid : _bEdiciones Paulinas, _c1982. |
|
| 300 |
_a381 páginas ; _c21 centímetros. |
||
| 336 |
_atext _2rdacontent |
||
| 337 |
_aunmediated _2rdamedia |
||
| 338 |
_avolume _2rdacarrier |
||
| 505 | 0 | _aDios rompe su silencio -- He aquí el cordero de Dios -- Buscando a Jesús -- El vino del tiempo nuevo -- Una revolución insólita: el nuevo templo -- Nacer de nuevo -- El agua de la vida -- Mensajero de Dios de la vida -- El pan de vida -- Tiempo de Dios y tiempo de los hombres -- El camino de la libertad -- Caminar en la luz -- El buen pastor -- Levantarse de la tumba -- Morir para vivir -- Servidor de los hombres -- La vuelta al Padre -- Comunión con el señor -- La oración de la unidad -- Rey de la verdad -- La nueva semana: Jesús resucitado en la comunidad creyente -- Caminando con el Pedro del amor. | |
| 526 | _aSEG42 | ||
| 526 | _aSEG41 | ||
| 526 | _aSEG40 | ||
| 526 | _aSEG39 | ||
| 526 | _aP94 | ||
| 526 | _aP87 | ||
| 526 | _aP86 | ||
| 526 | _aP85 | ||
| 526 | _aP77 | ||
| 526 | _aP76 | ||
| 526 | _aP35 | ||
| 630 |
_aBiblia _pN.T. _pJuan _xComentarios. |
||
| 910 |
_ajck _bjvq _cjck _d20150616 |
||
| 942 |
_2ddc _cBOOK |
||
| 949 |
_a226.507 B38 _wDEWEY _c1 _i22524 _lCCODEBUL1 _mBUL _r0 _sY _tBOOK _u2015-6-17 _xTEOLOGIA _PP35 _0COMPRA _o.STAFF. Colección general |
||
| 994 |
_aC0 _bPEPRU |
||
| 596 | _a1 | ||
| 999 |
_a226.507 B38 _wDEWEY _c2683 _i22524 _d2683 _f2021-11-11 _g5 _lCCODEBUL1 _mBUL _q1 _r0 _sY _tBOOK _u2015-6-17 _xTEOLOGIA _PP35 _0COMPRA _o.STAFF. Colección general |
||
| 980 |
_81 _gALBERTO SANCHEZ Responsable de Automatización |
||